000 00963nam a22002892i 4500
001 14330
003 BD-RjUL
005 20211208235617.0
008 500101r19671952enka 001 0 eng d
035 _a(BD-RjUL)14382
040 _aTXA
_cTXA
_dBD-RjUL
_beng
041 _aeng
082 0 0 _a621.9
_218
_bPEW 1967
100 1 _aPeatfield, Alfred Edgar.
_944725
245 1 0 _aWorkshop practice /
_cwritten and illustrated by A. E. Peatfield, A. M. I. Mech and A. M. I. Struct.
260 _aLondon :
_bEnglish Universities Press,
_cc952 [Impression 1967].
300 _avii, 207 p. :
_bill. ;
_c18 cm
490 1 _aTeach yourself books. Mechanical engineering ;
_vv.3
500 _aIncludes index.
650 0 _aMachine-shop practice
_vHandbooks, manuals, etc.
_944726
830 0 _vv.3
_944734
700 1 _aMech, A. M. I.
_944728
700 1 _aStruct, A. M. I.
_944729
830 0 _aTeach yourself books.
_944735
942 _2ddc
_cBK
999 _c14330
_d14330